Top 20 Countries by Population Density - Statistics

General Stats
  • This quiz has been taken 40 times
  • The average score is 12 of 20
Answer Stats
Density/sq mi Answer % Correct
47,005 Monaco
91%
3,049 Vatican City
89%
1,245 India
80%
21,697 Singapore
80%
1,452 San Marino
77%
3,441 Bangladesh
74%
1,355 Netherlands
69%
1,712 Taiwan
69%
4,331 Malta
66%
4,901 Bahrain
60%
4,498 Maldives
57%
1,374 South Korea
49%
1,699 Barbados
43%
1,335 Burundi
43%
1,480 Rwanda
43%
1,655 Nauru
40%
1,102 Haiti
37%
1,355 Lebanon
37%
1,186 Comoros
31%
1,659 Mauritius
29%
No matching quizzes found
Score Distribution
Percent of People with Each Score
Percentile by Number Answered
Your Score History
You have not taken this quiz